Divide and deal the politics of distribution in democracies /

Bibliographic Details
Corporate Author: ProQuest (Firm)
Other Authors: Shapiro, Ian., Swenson, Peter., Donno, Daniela.
Format: Electronic eBook
Language:English
Published: New York : New York University Press, c2008.
Subjects:
Online Access:Click to View
LEADER 02754nam a2200433 a 4500
001 EBC865344
003 MiAaPQ
005 20200520144314.0
006 m o d |
007 cr cn|||||||||
008 080111s2008 nyua sb 001 0 eng
010 |z  2008000893 
015 |a GBA879046  |2 bnb 
016 7 |z 014648091  |2 Uk 
020 |z 9780814740583 (cl : alk. paper) 
020 |z 0814740588 (cl : alk. paper) 
035 |a (MiAaPQ)EBC865344 
035 |a (Au-PeEL)EBL865344 
035 |a (CaPaEBR)ebr10268966 
035 |a (OCoLC)782877899 
040 |a MiAaPQ  |c MiAaPQ  |d MiAaPQ 
050 4 |a HC79.I5  |b D58 2008 
082 0 4 |a 339.2  |2 22 
245 0 0 |a Divide and deal  |h [electronic resource] :  |b the politics of distribution in democracies /  |c edited by Ian Shapiro, Peter A. Swenson, and Daniela Donno. 
260 |a New York :  |b New York University Press,  |c c2008. 
300 |a vi, 359 p. :  |b ill. 
504 |a Includes bibliographical references and index. 
505 0 |a Institutions -- Welfare regimes and redistribution in the South / Jeremy Seekings -- Distributional conflicts in mature welfare states / Isabela Mares -- The politics of tax structure / Steffen Ganghof -- AIDS, inequality, and access to antiretroviral treatment / Nicoli Nattrass -- Distributive politics and formal institutions in new democracies : the effect of electoral rules on budget voting in the Russian state duma, 1994-2003 / Jana Kunicova -- Individuals -- Religion and social insurance : evidence from the United States, 1970-2002 / Kenneth Scheve and David Stasavage -- Moral values and distributive politics : an equilibrium analysis of the 2004 U.S. election / Woojin Lee and John Roemer -- Giving the people what they want? Age, class, and distribution in the United States / Christopher Howard -- Coalitions -- Good distribution, bad delivery, and ugly politics : the traumatic beginnings of Germany's health care system / Peter A. Swenson -- Democracy and distributive politics in India / Pranab Bardhan -- The political uses of public opinion : lessons from the estate tax repeal / Mayling Birney, Ian Shapiro, and Michael J. Graetz. 
533 |a Electronic reproduction. Ann Arbor, MI : ProQuest, 2015. Available via World Wide Web. Access may be limited to ProQuest affiliated libraries. 
650 0 |a Distribution (Economic theory)  |x Political aspects. 
650 0 |a Income distribution  |x Political aspects. 
650 0 |a Distributive justice. 
650 0 |a Democracy  |x Economic aspects. 
655 4 |a Electronic books. 
700 1 |a Shapiro, Ian. 
700 1 |a Swenson, Peter. 
700 1 |a Donno, Daniela. 
710 2 |a ProQuest (Firm) 
856 4 0 |u https://ebookcentral.proquest.com/lib/matrademy/detail.action?docID=865344  |z Click to View